Regional (Record no. 78031)
[ view plain ]
| 000 -LEADER | |
|---|---|
| fixed length control field | 00933cab a2200217 4500 |
| 001 - CONTROL NUMBER | |
| control field | L135840 |
| 008 - FIXED-LENGTH DATA ELEMENTS--GENERAL INFORMATION | |
| fixed length control field | 061213n2006 000 0 eng u |
| 035 ## - SYSTEM CONTROL NUMBER | |
| System control number | (Sirsi) u135840 |
| 041 0# - LANGUAGE CODE | |
| Language code of text/sound track or separate title | eng |
| 100 1# - MAIN ENTRY--PERSONAL NAME | |
| Personal name | Heap, Richard |
| 245 00 - TITLE STATEMENT | |
| Title | Regional |
| Remainder of title | London boroughs west |
| 260 ## - PUBLICATION, DISTRIBUTION, ETC. | |
| Date of publication, distribution, etc. | 2006 |
| 490 #0 - SERIES STATEMENT | |
| Series statement | Property Week |
| Volume/sequential designation | 71(47) 24 November 2006, 81-97(10) |
| 520 ## - SUMMARY, ETC. | |
| Summary, etc. | Multiple retailers and developers are steering clear of Southall for the fear that what they have to offer may not be relevant in an area dominated by an ethnic population. Considers the plans of Development Securities in Hammersmith and possible difficulties in the letting market. The development of terminal five at Heathrow spawns speculative development. |
| 590 ## - LOCAL NOTE (RLIN) | |
| Local note | KA |
| 651 #4 - SUBJECT ADDED ENTRY--GEOGRAPHIC NAME | |
| Geographic name | LONDON BOROUGHS WEST |
| 690 ## - LOCAL SUBJECT ADDED ENTRY--TOPICAL TERM (OCLC, RLIN) | |
| Topical term or geographic name as entry element | PROPERTY-COMMERCIAL PROPERTY-COMMERCIAL PROPERTY MARKET |
| 700 1# - ADDED ENTRY--PERSONAL NAME | |
| Personal name | McAllister, Sean |
| 700 1# - ADDED ENTRY--PERSONAL NAME | |
| Personal name | Brasse, Jonathan |
| 942 ## - ADDED ENTRY ELEMENTS (KOHA) | |
| Suppress in OPAC | 0 |
| Withdrawn status | Lost status | Source of classification or shelving scheme | Damaged status | Not for loan | Home library | Current library | Shelving location | Date acquired | Total Checkouts | Full call number | Barcode | Date last seen | Copy number | Price effective from | Koha item type |
|---|---|---|---|---|---|---|---|---|---|---|---|---|---|---|---|
| Dewey Decimal Classification | London | London | Journal article | 13/12/2006 | L135840 | 135840-1001 | 06/08/2019 | 1 | 06/08/2019 | Journal article |